बहुभाषिक समानार्थी इंद्रधनुषी म्हणी (Record no. 290243)

MARC details
000 -LEADER
fixed length control field 00694nam a2200169Ia 4500
008 - FIXED-LENGTH DATA ELEMENTS--GENERAL INFORMATION
fixed length control field 090711s9999 xx 000 0 und d
082 ## - DEWEY DECIMAL CLASSIFICATION NUMBER
Item number 75423
100 ## - MAIN ENTRY--PERSONAL NAME
Personal name भट विठ्ठलराय
245 ## - TITLE STATEMENT
Title बहुभाषिक समानार्थी इंद्रधनुषी म्हणी
260 ## - PUBLICATION, DISTRIBUTION, ETC. (IMPRINT)
Date of publication, distribution, etc 1994
300 ## - PHYSICAL DESCRIPTION
Extent 64
600 ## - SUBJECT ADDED ENTRY--PERSONAL NAME
Personal name भट विठ्ठलराय
630 ## - SUBJECT ADDED ENTRY--UNIFORM TITLE
Uniform title बहुभाषिक समानार्थी इंद्रधनुषी म्हणी
700 ## - ADDED ENTRY--PERSONAL NAME
Personal name भट विठ्ठलराय
730 ## - ADDED ENTRY--UNIFORM TITLE
Uniform title बहुभाषिक समानार्थी इंद्रधनुषी म्हणी
942 ## - ADDED ENTRY ELEMENTS (KOHA)
Koha item type Book
Holdings
Withdrawn status Lost status Damaged status Not for loan Home library Current library Date acquired Cost, normal purchase price Total Checkouts Full call number Barcode Date last seen Cost, replacement price Price effective from Koha item type
        Dadar Sarvajanik Vachanalaya, Dardar Dadar Sarvajanik Vachanalaya, Dardar 07/11/2009 20.00   75423 DASAVA-75423 07/11/2009 20.00 07/11/2009 Book